Mayada daivolu: kordabbu tannimaniga (Record no. 214856)
[ view plain ]
| 000 -LEADER | |
|---|---|
| fixed length control field | 00755nam a2200217Ia 4500 |
| 003 - CONTROL NUMBER IDENTIFIER | |
| control field | OSt |
| 005 - DATE AND TIME OF LATEST TRANSACTION | |
| control field | 20250917165043.0 |
| 008 - FIXED-LENGTH DATA ELEMENTS--GENERAL INFORMATION | |
| fixed length control field | 210719s2004 xx 000 0 und d |
| 040 ## - CATALOGING SOURCE | |
| Transcribing agency | AL |
| 041 ## - LANGUAGE CODE | |
| Language code of text/sound track or separate title | Tulu |
| 082 ## - DEWEY DECIMAL CLASSIFICATION NUMBER | |
| Classification number | T894.2 CHAM |
| 100 ## - MAIN ENTRY--PERSONAL NAME | |
| Personal name | CHANDAR (U R) |
| Dates associated with a name | ಚಂದ್ರ (ಯು ಅರ್) |
| 9 (RLIN) | 239209 |
| 245 ## - TITLE STATEMENT | |
| Title | Mayada daivolu: kordabbu tannimaniga |
| Remainder of title | ಮಾಯದ ದೈವೊಲು: ಕೊರ್ದಬ್ಬು ತನ್ನಿಮಾನಿಗ |
| 260 ## - PUBLICATION, DISTRIBUTION, ETC. | |
| Place of publication, distribution, etc. | Ullala |
| Date of publication, distribution, etc. | 2004 |
| 300 ## - PHYSICAL DESCRIPTION | |
| Extent | iv--80 |
| Other physical details | PB |
| 365 ## - TRADE PRICE | |
| Price amount | 30 |
| Currency code | Rs |
| 650 ## - SUBJECT ADDED ENTRY--TOPICAL TERM | |
| Topical term or geographic name entry element | Tulu Drama |
| 9 (RLIN) | 239210 |
| 650 ## - SUBJECT ADDED ENTRY--TOPICAL TERM | |
| Topical term or geographic name entry element | ತುಳು ಜಾನಪದ ನಾಟಕ Tulu janapada nataka |
| 9 (RLIN) | 239211 |
| 906 ## - LOCAL DATA ELEMENT F, LDF (RLIN) | |
| a | daivolu: ; janapada ; kordabbu ; Mayada ; nataka ; tannimaniga ; Tulu |
| 942 ## - ADDED ENTRY ELEMENTS (KOHA) | |
| Source of classification or shelving scheme | Dewey Decimal Classification |
| Koha item type | Book |
| Withdrawn status | Lost status | Source of classification or shelving scheme | Damaged status | Not for loan | Collection code | Home library | Current library | Shelving location | Date acquired | Cost, normal purchase price | Total Checkouts | Full call number | Barcode | Date last seen | Price effective from | Koha item type | Public note |
|---|---|---|---|---|---|---|---|---|---|---|---|---|---|---|---|---|---|
| Dewey Decimal Classification | Tulu | St Aloysius Library | St Aloysius Library | Secondary stack section | 05/30/2008 | 30.00 | T894.2 CHAM | D03471 | 07/19/2021 | 07/19/2021 | Donated Books | Donated by Mahalinga Bhat |